MDQL
is popping MORE tags! Check the
thread
!
Quizzes
Events
Quiz Creation
Community
Videos
Private Events
Remove Ads
Sign In
Join for FREE
Feedback
Dark Mode
Quiz Categories
Sports
Geography
Music
Movies
Television
Just For Fun
Miscellaneous
History
Literature
Language
Science
Gaming
Entertainment
Religion
Holiday
For Kids
Quiz Lab
Recent
Popular Today
Quiz Kudos Today
Editor Picks
Curator Picks
Quizzes by...
Day
Popularity
Type
Ratings
Length
Year
Community
Subscriptions
Recent Discussions
Orange Saloon
Badges
Playlists
Quests
Create
Leaderboards
Showdown
Live 5
Trivia Bingo
Activity
Puzzle Library
Sporcle Events
Private Events
Virtual Trivia
Globe League
Become a Host
Pub Owners
SporcleCon
Opinionation
Our Games
Videos
Blog
Mobile Apps
Partnerships
Remove Ads and Go Orange
Feedback
Television
TV Characters
TV Show
Sitcom
Network
Friends
Reality Shows
Cast
South Park
Star Trek
The Simpsons
Doctor Who
Television
TV Characters
TV Show
Sitcom
Network
Friends
Reality Shows
Cast
South Park
Star Trek
The Simpsons
Doctor Who
Random Quiz
Search Sporcle
×
Quiz Lab
Quiz Lab
Television
Surname
Type in answers that appear in a list
Type in answers that appear in a list
Classic
Best Score? Go Orange.
LOST surnames Stats
Can you name the LOST surnames?
By
jpark
10m
50 Questions
238 Plays
238 Plays
238 Plays
Comments
Comments
Give Quiz Kudos
Give Quiz Kudos
-
- Ratings
hide this ad
Random Order
Randomize order of answers
Randomize order of answers
Replay
Link that replays current quiz
Next Quiz
Link to next quiz in quiz playlist
You Got
0%
They Got
Avg Score
70%
Avg Friend Score
Upgrade to see
Score Distribution
Jump to the score distribution portion of the page
Score
0/50
Timer
10:00
0
Plays Today
Character First Names
Character Last Names
% Correct
Charles
Widmore
93.3%
Penny
Widmore
93.3%
Benjamin
Linus
92.9%
Roger
Linus
92.9%
James 'Sawyer'
Ford
92.4%
Hugo 'Hurley'
Reyes
92.4%
Christian
Shephard
92.4%
John
Locke
90.3%
Alex
Rousseau
89.1%
Danielle
Rousseau
89.1%
Daniel
Faraday
88.7%
Sun
Kwon
88.2%
Jin
Kwon
88.2%
Katherine Anne 'Kate'
Austen
87.8%
Sayid
Jarrah
87.4%
Desmond
Hume
86.1%
Claire
Littleton
85.7%
Aaron
Littleton
85.7%
Charlie
Pace
84.5%
Liam
Pace
84.5%
Eloise
Hawking
84%
Ethan
Rom
79.8%
Frank
Lapidus
79.4%
Richard
Alpert
78.2%
Ana Lucia
Cortez
76.9%
Character First Names
Character Last Names
% Correct
Juliet
Burke
74.8%
Boone
Carlyle
74.8%
Michael
Dawson
72.7%
Shannon
Rutherford
72.7%
Miles
Straume
71.4%
Horace
Goodspeed
71%
Charlotte
Lewis
67.6%
Bernard
Nadler
67.6%
Anthony
Cooper
67.6%
Leslie
Arzt
66.8%
Martin
Keamy
66.8%
Walt
Lloyd
59.7%
Elizabeth 'Libby'
Smith
55.5%
Edward
Mars
53.4%
Naomi
Dorrit
52.9%
Nikki
Fernandez
50%
Stuart
Radzinsky
50%
Jack
Shephard
39.5%
Eko
Tunde
33.2%
Karl
Martin
33.2%
Helen
Norwood
28.6%
Rose
Henderson
28.2%
Cindy
Chandler
28.2%
Cassidy
Phillips
25.2%
Nour Abbed 'Nadia'
Jazeem
21%
Quiz Playlist
Details
Report
Send in Message
Add To Playlist
Classic:
Type in answers that appear in a list
Random Order:
Randomize order of answers
Last Updated: Jun 20, 2017
Quiz Scoreboard
CHALLENGE
Sign Up to Join the Scoreboard
Show All
Scores
Hide
Comments
May contain spoilers
Recently Published
Colored Red Africa Blitz
by spor1
Geography
30s
Find the 'City' Movie
by crazypaving
Movies
60s
5x2 Blitz: Bands
by SL_Kpop136
Music
30s
More to Explore
Quiz From the Vault
Featured Blog Post
14 Easter Pick-up Lines to Find Eggs With
hide this ad
You Might Also Like...
Tags
Character
last
Lost (ABC)
Surname
Today's Top Quizzes in Television
Browse Television
hide this ad
Today's Top Quizzes in Surname
Browse Surname
Top Contributed Quizzes in Television
1
Survivor Journey Challenge
2
Survivor Logic Puzzle: Heroes vs. Villains
3
One Tree Hill Logic Puzzle
4
Phoebe Buffay Quotes
5
Game of Thrones: Tywin Lannister Start to Finish
6
Brooklyn Nine Nine Logic Puzzle (How-To-Play)
7
A Series of Unfortunate Events: Netflix Character Chain
8
All US Survivor Seasons in Order
9
Survivor: Criteria Castaways
10
A Series of Unfortunate Events: S3 Character Chain
Explore More
Trending Topics
Kpop
Marvel
Harry Potter
Disney
Anime
Crossword
NBA
WWE
Country
Puzzle
NFL
Song
The Office
Pokémon
Soccer
hide this ad
More By:
jpark
Quiz
Plays
Rating
Category
Featured
Created
Other names for marijuana
1,051
2.00
Miscellaneous
Mar 3, 2010
LOST surnames
238
3.22
Television
Mar 18, 2010
Hot Things
56
1.50
Just For Fun
Mar 5, 2010
Go to Creator's Profile
Score Distribution
Quiz Creator Spotlight
jpark
Follow
Send a Message
Quizzes Created
-
Created Quiz Play Count
-
More By This Creator
Popular Quizzes Today
1
5x2 Blitz: Bands
2
Find the 'City' Movie
3
Find the US States - No Outlines Minefield
4
Colored Red Africa Blitz
5
The Countries of the World
6
Find the US States
7
9x9 Crossword: Cartoon Network
8
Risky Map Clicking: Biggest States A-Z
More Television Quizzes
JoJo part by JoJo
Quiz Lab
Trending Quizzes
Colored Red Africa Blitz II
Colored Red Europe Blitz I
Find the 'Dark' Movie
Find the 'Day' Movie
Find the 'Good' Movie
Recently Updated
Champions League XIs: Real Madrid
pecheneg
Largest US Cities 1790-2010
pecheneg
Rides in Walt Disney World
pecheneg
Most Oscar Losses (Acting)
pecheneg
Beyoncé Albums
pecheneg
Leaping Animals
pecheneg
Reality TV Shows (A-Z)
bhenderson79
Rickey Henderson's Hall of Fame Teammates
pecheneg
Champions League XIs: Arsenal
pecheneg
Quick Pick: Celebrities in WWE's Hall of Fame
aduchscher
Trending Topics
NBA
Harry Potter
Anime
Kpop
Marvel
Crossword
Disney
Puzzle
Song
Soccer
Country
The Office
Pokémon
NFL
WWE
Your Account Isn't Verified!
In order to create a playlist on Sporcle, you need to verify the email address you used during registration. Go to your
Sporcle Settings
to finish the process.
Report this User
Report this user for behavior that violates our
Community Guidelines
.
Details:
Send Report
Go to the Sporcle.com Mobile Site →
Comments